| 000 | 00495nam a2200157Ia 4500 | ||
|---|---|---|---|
| 003 | OSt | ||
| 005 | 20200618120559.0 | ||
| 008 | 190216s9999||||xx |||||||||||||| ||und|| | ||
| 040 | _coclc | ||
| 082 |
_a954 _bBHA/C |
||
| 100 |
_aBhattacharyya, Haridas _93044 |
||
| 245 | 4 |
_aThe Cultural Heritage Of India / _cHaridas Bhattacharyya |
|
| 260 |
_bThe Ramakrishan Mission Institute Of Culture, _c1975. _aCalcutta: |
||
| 300 | _a652p | ||
| 942 |
_cBK _2ddc _h954 _iBHA/C _k954 _mBHA/C |
||
| 999 |
_c19114 _d19114 |
||